| 000 | 00529nam a2200181Ia 4500 | ||
|---|---|---|---|
| 001 | 24735 | ||
| 005 | 20260414151103.0 | ||
| 008 | 260414t2003||||xx |||||||||||||| ||spa|| | ||
| 041 | _aESP | ||
| 082 |
_a345.73 _bH44 |
||
| 100 |
_aHernández Breña, Wilson [1978-...] _eAUT |
||
| 245 | 0 |
_aIndicadores sobre administración de Justicia : _bmapa judicial, presupuesto y eficiencia en el desempeño judicial |
|
| 260 | _c2003 | ||
| 300 |
_a110 páginas : _c27 cm. |
||
| 650 | _aDER | ||
| 654 | _aCDE | ||
| 942 |
_cLIB _dJUS _fJUS _2ddc _n |
||
| 999 |
_c24735 _d24735 |
||